期刊信息 |
| 索取号 |
Q95/DWFL
|
| 题名 |
Zoological Systematics
|
| 作者 |
中国科学院动物研究所,中国动物学会,中国昆虫学会
|
| 分册号 |
|
| 分册名 |
|
| 出版地 |
北京
|
| 出版者 |
科学出版社
|
| 标准刊号 |
2095-6827
|
| 出版频率 |
季刊
|
| 中图法分类 |
Q95
|
| 主题词 |
|
| 电子资源 | |
| |
|
| 000 | 01188nas0 2200349 45 | |
| 001 | 1196140112 | |
| 005 | 20140911103730.78 | |
| 011 | @a2095-6827@dCNY68.00(2014) | |
| 021 | @a北京450 | |
| 091 | @aCN 10-1160/Q | |
| 092 | @aCN@b2-154@cQ60 | |
| 100 | @a20140912a20149999k y0chiy0110 eb | |
| 101 | 0 | @aeng@deng@eeng |
| 102 | @aCN@b110000 | |
| 110 | @aahaz 0yy0 | |
| 200 | 1 | @aZoological Systematics@f中国科学院动物研究所,中国动物学会,中国昆虫学会@FZhong Guo Ke Xue Yuan Dong Wu Yan Jiu Suo,Zhong Guo Dong Wu Xue Hui,Zhong Guo Kun Chong Xue Hui |
| 207 | 0 | @aV.39,no.1(2014,1)~ |
| 210 | @a北京@b北京市东黄城根北街16号(邮码100717)@c科学出版社@d2014~ | |
| 215 | @d26cm | |
| 326 | @a季刊 | |
| 432 | @12001 @a动物分类学报 | |
| 530 | 0 | @a动物分类学报@ADong Wu Fen Lei Xue Bao |
| 540 | 1 | @a动物 分类学 学报@ADong Wu Fen Lei Xue Xue Bao |
| 541 | @a动物分类学报@ADong Wu Fen Lei Xue Bao | |
| 610 | 0 | @a动物@a分类学 |
| 690 | @aQ95@v3 | |
| 711 | 02 | @aInsititute of Zoology@4主办 |
| 711 | 02 | @aChinese Academy of Sciences@4主办 |
| 711 | 02 | @aChina Zoological Society@4主办 |
| 711 | 02 | @aEntomological Society of China |
| 801 | 0 | @bPFT@c20070409 |
| 905 | @dQ95@eDWFL | |
| Zoological Systematics/中国科学院动物研究所,中国动物学会,中国昆虫学会.-V.39,no.1(2014,1)~.-北京(北京市东黄城根北街16号(邮码100717)):科学出版社,2014~ |
| 26cm |
| ←识别题名:动物分类学报 |
| ISSN 2095-6827:CNY68.00(2014) |
| ● |
| 相关链接: |
|
|
|
|